ბათუმის შოთა რუსთაველის სახელმწიფო უნივერსიტეტის ბიბლიოთეკა

Plagiarism: (ბიბ.ჩანაწერი № 58228)

000 -LEADER
fixed length control field 00711nam a22001937a 4500
005 - DATE AND TIME OF LATEST TRANSACTION
control field 20221107165519.0
008 - FIXED-LENGTH DATA ELEMENTS--GENERAL INFORMATION
fixed length control field 210922s2019 enk||||| |||| 00| 0 eng d
020 ## - INTERNATIONAL STANDARD BOOK NUMBER
International Standard Book Number 9789387698147 X
041 ## - LANGUAGE CODE
Language code of text/sound track or separate title eng
080 ## - UNIVERSAL DECIMAL CLASSIFICATION NUMBER
Universal Decimal Classification number 371.58 P-71
245 ## - TITLE STATEMENT
Title Plagiarism:
Remainder of title An International Reader /
Statement of responsibility, etc. Editor M P Satija, Daniel Martínez Ávila, Nirmal Kumar Swain.
264 ## - PRODUCTION, PUBLICATION, DISTRIBUTION, MANUFACTURE, AND COPYRIGHT NOTICE
Place of production, publication, distribution, manufacture New Delhi :
Name of producer, publisher, distributor, manufacturer Ess Ess Publications,
Date of production, publication, distribution, manufacture, or copyright notice 2019.
300 ## - PHYSICAL DESCRIPTION
Extent 363 p.
Other physical details 25 cm.
653 ## - INDEX TERM--UNCONTROLLED
keyword პლაგიატი
700 ## - ADDED ENTRY--PERSONAL NAME
Personal name Martínez Ávila, Daniel
Relator term რედაქტორი
9 (RLIN) 12519
700 ## - ADDED ENTRY--PERSONAL NAME
Personal name Satija, M P
Relator term რედაქტორი
9 (RLIN) 12520
700 ## - ADDED ENTRY--PERSONAL NAME
Personal name Kumar Swain, Nirmal
Relator term რედაქტორი
9 (RLIN) 12521
942 ## - ADDED ENTRY ELEMENTS (KOHA)
Source of classification or shelving scheme
Koha item type წიგნი
ეგზემპლარები
Withdrawn status Lost status Source of classification or shelving scheme Damaged status Not for loan Permanent Location Current Location Shelving location Date acquired Cost, normal purchase price Full call number Barcode Date last seen Copy number Price effective from Koha item type Public note
          ბათუმის შოთა რუსთაველის სახელმწიფო უნივერსიტეტის მთავარი ბიბლიოთეკა ბათუმის შოთა რუსთაველის სახელმწიფო უნივერსიტეტის მთავარი ბიბლიოთეკა წიგნსაცავი 2021-09-22 228.00 371.58 P-71 61718 2021-09-22 61718 2021-09-22 წიგნი 228 ლ.
          ბათუმის შოთა რუსთაველის სახელმწიფო უნივერსიტეტის მთავარი ბიბლიოთეკა ბათუმის შოთა რუსთაველის სახელმწიფო უნივერსიტეტის მთავარი ბიბლიოთეკა წიგნსაცავი 2021-09-22 228.00 371.58 P-71 61719 2021-09-22 61719 2021-09-22 წიგნი 228 ლ.